00485nam a2200157Ia 4500008004000000082001600040100001800056245001300074260003600087300001000123650002600133690001400159906001100173999001700184952012600201210210b1990 xxu||||| |||| 00| 0 eng d a653.42 GARE aGARTSIDE (L). aEnglish. aAllahabad.bNot Mentionedc1990 ax,198 aSecretarial English  aShorthand a045094 c94477d94477 001040708ManagementaALbALcManagementd2021-02-17g0.00l0o653.42 GAREp045094r2021-02-17 00:00:00w2021-02-17yBK